Fantasmi... celebri - Statistics

Statistiche generali
  • Questo quiz è stato fatto 162 volte
    27 dall'ultimo reset
  • Il punteggio medio è 8 su 16
Statistiche sulle risposte
Indizio Fantasma % Corretto
Gentile fantasma di un bambino, che in un celebre film fa amicizia con la ragazzina che viene ad abitare la sua vecchia casa Casper
80%
Secondo alcuni, lo spirito di questo grande poeta italiano si aggirerebbe per Trieste, chiedendo indicazioni per la città di Fiume Gabriele d'Annunzio
76%
Fu regina d'Inghilterra, moglie del re Enrico VIII. Si dice che infesti la Torre di Londra portandosi la testa sottobraccio Anna Bolena
72%
In una tragedia di Shakespeare, questo re di Danimarca, defunto, torna dalla morte per parlare all'omonimo figlio, Amleto di Danimarca
68%
Nella saga di Harry Potter, è il fantasma di una ragazzina uccisa dal basilisco, la quale infesta un bagno della scuola di magia di Hogwarts e aiuta i protagonisti in un paio di occasioni. Mirtilla "Malcontenta"
68%
Nel 1930, un carabiniere giurò di aver parlato, mentre era di guardia al Pantheon, con il fantasma di questo re d'Italia Umberto I di Savoia
64%
Alcuni affermano di aver visto aggirarsi per la Casa Bianca il fantasma di questo ex presidente americano Abraham Lincoln
56%
Il terzo dei tre spettri che compaiono nel Canto di Natale di Charles Dickens Spirito del natale futuro
52%
Il primo dei tre spettri che compaiono nel Canto di Natale di Charles Dickens Spirito del natale passato
52%
Il secondo dei tre spettri che compaiono nel Canto di Natale di Charles Dickens Spirito del natale presente
52%
Fantasma della casa di "Grifondoro" nella serie di romanzi di Harry Potter. Nick "Quasi senza testa"
44%
Ostinato fantasma protagonista di un celebre racconto di Oscar Wilde Fantasma di Canterville
36%
Protagonista di molte leggende medievali, si aggira a cavallo pur essendo acefalo Cavaliere senza testa
28%
Fantasma della casa di "Serpeverde" nella serie di romanzi di Harry Potter. Barone Sanguinario
20%
Così sono detti gli spettri degli arcieri inglesi morti nella battaglia di Azincourt, durante le guerra dei cent'anni, che secondo alcuni soccorsero l'esercito britannico salvandolo dall'avanzata tedesca nel 1914 Angeli di Mons
4%
Lo spettro di quest'uomo torna dai morti per tormentare Macbeth, in una celebre tragedia di Shakespeare Banco
4%
Nessun quiz corrispondente trovato
Distribuzione punteggi
Percentuale di utenti per punteggio
Percentile per numero di risposta
I tuoi punteggi nel tempo
Non hai fatto questo quiz dall'ultimo reset